000 00387 a2200133 4500
005 20250616130443.0
020 _a0-7195-4989-2
082 _a658.5 STE
100 _aSTEFANOU,R.
245 _aSuccess in Marketing
260 _aLondon,
_bJohn Murray (Publishers) Ltd,
_c1993.
300 _axi,221p.:ill.;figures, pictures, tables
_bBibliography,Glossary and Index
_c21.5cm
942 _2ddc
_cBKS
999 _c4141
_d4141